000 01420cam a2200277 4500
008 #DATE n2003 000 0 eng u
020 _a1853289108
035 _a(Sirsi) u122450
041 _aeng
050 _a622.8
_c18
110 _aCoal Authority
_93716
245 _aCoal mining searches
_bdirectory and guidance
250 _a5th ed.
260 _aLondon
_bLaw Society
_c2003
300 _avi, 80p.
_c30cm
350 _a19.95
520 _aUpdated guidance for conveyancers and other property professionals on whether a coal mining search needs to be carried out. The Coal Authority holds and maintains the national coal mining database of areas in the UK where coal mining activity has taken or is still taking place. Their Mining Reports Service provides a property-specific coal mining search service for any property in the UK. Outlines methods available for ordering and receiving mining reports, including through the National Land Information Service and other online services. Includes supporting guidance, information on the currently affected areas and a copy of the new form CON 29M (2003). Also includes directory of affected places and areas.
650 _aCOAL MINING AREAS
650 _aCOAL MINING SEARCHES
650 _aDIRECTORIES
650 _aMAP
650 _aSUBSIDENCE
690 _aMINING AND MINERALS
710 _aLaw Society of England and Wales
_91639
942 _n0
999 _c102852
_d102852